[Event "EU-ch (Women) 24th"]
[Site "Rhodes"]
[Date "2024.04.21"]
[Round "3"]
[White "Hakimifard, Ghazal"]
[Black "Vega Gutierrez, Sabrina Neide"]
[Result "0-1"]
[WhiteElo "2253"]
[BlackElo "2383"]
[PlyCount "114"]
[EventDate "2024.04.19"]
[EventType "swiss"]
[EventRounds "10"]
[EventCountry "GRE"]
[SourceTitle "CB18_2024"]
[SourceDate "2024.05.01"]
[SourceVersion "1"]
[SourceVersionDate "2024.05.01"]
[SourceQuality "2"]

1. e4 c5 2. Nf3 e6 3. d4 cxd4 4. Nxd4 Nf6 5. Nc3 Nc6 6. Ndb5 d6 7. Bf4 e5 8. Bg5 a6 9. Na3 b5 10. Nd5 Be7 11. Bxf6 Bxf6 12. c3 0-0 13. Nc2 Rb8 14. Be2 a5 15. 0-0 Bg5 16. g3 Bh3 17. Re1 Qd7 18. Bf1 Bg4 19. Be2 Be6 20. h4 Bd8 21. Nce3 g6 22. Bf1 f5 23. Bh3 f4 24. Bxe6+ Qxe6 25. Qg4 Qe8 26. Ng2 h5 27. Qh3 Rb7 28. Rad1 Rbf7 29. Rf1 Kh8 30. Rd3 fxg3 31. Rxg3 Rg8 32. Rd1 Nb8 33. Nde3 Qf8 34. Qc8 Nd7 35. Qc6 Nc5 36. b4 Rc7 37. Qa8 axb4 38. cxb4 Ne6 39. Qd5 Nd4 40. Kf1 Rf7 41. Rd2 Bb6 42. a4 Nf3 43. Rc2 Bxe3 44. Nxe3 Nd4 45. Rd2 bxa4 46. Nc4 Nf3 47. Ra2 Nh2+ 48. Kg2 Nf3 49. Nxd6 Rf6 50. Rxf3 Rxf3 51. Qxe5+ Kh7 52. Nf5 gxf5+ 53. Kxf3 fxe4+ 54. Ke3 Qf3+ 55. Kd4 Qd3+ 56. Kc5 Rc8+ 57. Kb6 Qd8+ 0-1

[Event "EU-ch (Women) 24th"]
[Site "Rhodes"]
[Date "2024.04.20"]
[Round "2"]
[White "Vega Gutierrez, Sabrina Neide"]
[Black "Borosova, Zuzana"]
[Result "1/2-1/2"]
[WhiteElo "2383"]
[BlackElo "2225"]
[PlyCount "135"]
[EventDate "2024.04.19"]
[EventType "swiss"]
[EventRounds "10"]
[EventCountry "GRE"]
[SourceTitle "CB18_2024"]
[SourceDate "2024.05.01"]
[SourceVersion "1"]
[SourceVersionDate "2024.05.01"]
[SourceQuality "2"]

1. e4 c6 2. d4 d5 3. e5 Bf5 4. Nf3 e6 5. c3 Nd7 6. Be2 a5 7. Nbd2 h6 8. Nf1 Qc7 9. Ne3 Bh7 10. 0-0 Ne7 11. Bd3 Bxd3 12. Qxd3 f6 13. exf6 gxf6 14. c4 Kf7 15. cxd5 cxd5 16. Nh4 Rg8 17. Qe2 f5 18. Re1 Ra6 19. Bd2 Nf6 20. Rac1 Qd6 21. Nf3 Ng6 22. Ne5+ Nxe5 23. dxe5 Qxe5 24. Qb5 Qb8 25. Nf1 Bd6 26. Bc3 Rd8 27. Qe2 Bf4 28. Bxf6 Kxf6 29. Rc3 Rg8 30. g3 Qe8 31. Rf3 Bb8 32. Ne3 Qd7 33. Qd2 Kg6 34. Nc2 Rc8 35. Nd4 Ba7 36. Rfe3 Bxd4 37. Qxd4 Rac6 38. Kg2 Kf7 39. Qh4 Kg7 40. g4 fxg4 41. Qxg4+ Kh7 42. Rxe6 Rxe6 43. Qxe6 Rg8+ 44. Kf1 Qb5+ 45. Qe2 Qxe2+ 46. Rxe2 Kg6 47. Re6+ Kf5 48. Rxh6 Rc8 49. Rb6 Ke4 50. h4 Kd3 51. Rxb7 d4 52. Rd7 Rh8 53. Rd5 Rxh4 54. Rxa5 Rh1+ 55. Kg2 Rb1 56. Rb5 Ke2 57. Re5+ Kd2 58. Kf3 d3 59. Rb5 Ke1 60. Ke3 d2 61. Rh5 d1N+ 62. Kd4 Rxb2 63. f4 Rxa2 64. f5 Ra4+ 65. Kd3 Rf4 66. Rh1+ Kf2 67. Rxd1 Rxf5 68. Ke4 1/2-1/2

[Event "San Vicente op 8th"]
[Site "San Vicente"]
[Date "2024.03.29"]
[Round "4"]
[White "Vega Gutierrez, Sabrina Neide"]
[Black "Levin, Guy"]
[Result "0-1"]
[WhiteElo "2382"]
[BlackElo "2452"]
[PlyCount "84"]
[EventDate "2024.03.27"]
[EventType "swiss"]
[EventRounds "9"]
[EventCountry "ESP"]
[SourceTitle "CB14_2024"]
[SourceDate "2024.04.01"]
[SourceVersion "1"]
[SourceVersionDate "2024.04.01"]
[SourceQuality "1"]

1. e4 c5 2. Nf3 Nc6 3. d4 cxd4 4. Nxd4 e5 5. Nb5 d6 6. c4 Be6 7. N1c3 g6 8. Bd3 Bg7 9. Nd5 Nf6 10. Nbc3 0-0 11. Bg5 Nd4 12. h4 Bxd5 13. Nxd5 Ne6 14. Qd2 Nxg5 15. hxg5 Nxd5 16. cxd5 f6 17. gxf6 Bxf6 18. Qb4 Qd7 19. Rc1 Bg5 20. Rc3 Qf7 21. Rc2 Rac8 22. 0-0 Rxc2 23. Bxc2 Rc8 24. Ba4 Rc5 25. Rd1 h5 26. Rd3 h4 27. Bd1 Qf4 28. Qe1 Rc4 29. Re3 Rc1 30. Qe2 Kg7 31. Rc3 Ra1 32. Kf1 Kh6 33. a3 a6 34. Rd3 Rb1 35. Rb3 Qc1 36. Ke1 b5 37. Rc3 Qf4 38. Qc2 Ra1 39. g3 Qg4 40. gxh4 Bxh4 41. Qd2+ Kg7 42. Rc7+ Kg8 0-1

[Event "EU-ch Rapid (Women)"]
[Site "Monaco"]
[Date "2024.01.14"]
[Round "11"]
[White "Navrotescu, Andreea Cristiana"]
[Black "Vega Gutierrez, Sabrina Neide"]
[Result "0-1"]
[WhiteElo "2222"]
[BlackElo "2378"]
[PlyCount "96"]
[EventDate "2024.01.13"]
[EventType "swiss (rapid)"]
[EventRounds "11"]
[EventCountry "MNC"]
[SourceTitle "CB03_2024"]
[SourceDate "2024.01.17"]
[SourceVersion "1"]
[SourceVersionDate "2024.01.17"]
[SourceQuality "1"]

1. c4 e6 2. Nc3 d5 3. d4 Nf6 4. cxd5 Nxd5 5. e4 Nxc3 6. bxc3 c5 7. Nf3 cxd4 8. cxd4 Bb4+ 9. Bd2 Bxd2+ 10. Qxd2 0-0 11. Bc4 Nd7 12. 0-0 b6 13. Rad1 Bb7 14. Rfe1 Rc8 15. Bb3 h6 16. Qf4 Qf6 17. Qg4 Rfd8 18. e5 Qe7 19. d5 exd5 20. Nd4 Qg5 21. Qxg5 hxg5 22. e6 fxe6 23. Nxe6 Re8 24. Nxg5 Rxe1+ 25. Rxe1 Nc5 26. h4 Nxb3 27. axb3 d4 28. Rd1 Bd5 29. b4 Rc4 30. Ra1 d3 31. Rd1 Rd4 32. f3 d2 33. Ne4 Bxe4 34. fxe4 Rxb4 35. Rxd2 Rxe4 36. Rd7 a5 37. Rb7 Rb4 38. Kf2 a4 39. g3 a3 40. Ra7 Rb3 41. g4 Kh7 42. h5 Kh6 43. Ke2 b5 44. Ra6+ Kh7 45. g5 Rh3 46. h6 gxh6 47. gxh6 a2 48. Kd2 Rh1 0-1

[Event "EU-ch Rapid (Women)"]
[Site "Monaco"]
[Date "2024.01.14"]
[Round "7"]
[White "Polterauer, Chiara"]
[Black "Vega Gutierrez, Sabrina Neide"]
[Result "0-1"]
[WhiteElo "2189"]
[BlackElo "2378"]
[PlyCount "92"]
[EventDate "2024.01.13"]
[EventType "swiss (rapid)"]
[EventRounds "11"]
[EventCountry "MNC"]
[SourceTitle "CB03_2024"]
[SourceDate "2024.01.17"]
[SourceVersion "1"]
[SourceVersionDate "2024.01.17"]
[SourceQuality "1"]

1. e4 c5 2. Nf3 Nc6 3. d4 cxd4 4. Nxd4 Nf6 5. Nc3 e5 6. Ndb5 d6 7. Bg5 a6 8. Na3 b5 9. Nd5 Be7 10. Bxf6 Bxf6 11. c4 b4 12. Nc2 0-0 13. Be2 a5 14. 0-0 Bg5 15. Qd3 Be6 16. Rfd1 Qb8 17. Qg3 Bd8 18. Nce3 Nd4 19. Bg4 b3 20. a3 Kh8 21. Nf5 Nc2 22. Rac1 g6 23. Nfe3 Nd4 24. f4 f5 25. exf5 gxf5 26. Bh5 Bf7 27. Bf3 Qa7 28. Kf1 e4 29. Be2 Nxe2 30. Kxe2 Bh5+ 31. Kf1 Bxd1 32. Rxd1 Bf6 33. Nxf6 Rxf6 34. Nd5 Rg6 35. Qxb3 Rb8 36. Qc3+ Qg7 37. Qxg7+ Rxg7 38. Rd2 Rgb7 39. b4 axb4 40. axb4 Rc8 41. Rc2 Kg7 42. Ke2 Kf7 43. Ke3 Ke6 44. Kd4 Ra8 45. b5 Ra3 46. Ne3 Rd3# 0-1

[Event "EU-ch Rapid (Women)"]
[Site "Monaco"]
[Date "2024.01.14"]
[Round "8"]
[White "Vega Gutierrez, Sabrina Neide"]
[Black "Calzetta Ruiz, Monica"]
[Result "0-1"]
[WhiteElo "2378"]
[BlackElo "2241"]
[PlyCount "54"]
[EventDate "2024.01.13"]
[EventType "swiss (rapid)"]
[EventRounds "11"]
[EventCountry "MNC"]
[SourceTitle "CB03_2024"]
[SourceDate "2024.01.17"]
[SourceVersion "1"]
[SourceVersionDate "2024.01.17"]
[SourceQuality "1"]

1. e4 c5 2. b3 Nc6 3. Bb2 e5 4. Bc4 Nf6 5. Nc3 g6 6. Nge2 Bg7 7. 0-0 0-0 8. d3 a6 9. a4 Rb8 10. f4 exf4 11. Nxf4 d6 12. Ncd5 Nxd5 13. Bxg7 Ne3 14. Qf3 Nxc4 15. Nh5 N4e5 16. Qg3 Nd4 17. Rae1 Ng4 18. h3 gxh5 19. Bf6 Qd7 20. Qh4 Nxf6 21. Qg5+ Kh8 22. Qxf6+ Kg8 23. Re3 Qd8 24. Qh6 Kh8 25. Rg3 Ne2+ 26. Kh2 Nxg3 27. Kxg3 Rg8+ 0-1

[Event "EU-ch Rapid (Women)"]
[Site "Monaco"]
[Date "2024.01.13"]
[Round "3"]
[White "Charkhalashvili, Inga"]
[Black "Vega Gutierrez, Sabrina Neide"]
[Result "1/2-1/2"]
[WhiteElo "2239"]
[BlackElo "2378"]
[PlyCount "93"]
[EventDate "2024.01.13"]
[EventType "swiss (rapid)"]
[EventRounds "11"]
[EventCountry "MNC"]
[SourceTitle "CB03_2024"]
[SourceDate "2024.01.17"]
[SourceVersion "1"]
[SourceVersionDate "2024.01.17"]
[SourceQuality "1"]

1. d4 d5 2. c4 e6 3. Nc3 Nf6 4. Bg5 Be7 5. e3 a6 6. Nf3 0-0 7. Rc1 Nbd7 8. cxd5 exd5 9. Bd3 c6 10. 0-0 Ne4 11. Bxe7 Qxe7 12. Bxe4 dxe4 13. Nd2 Nf6 14. f3 exf3 15. Qxf3 Bg4 16. Qg3 Bh5 17. e4 Rad8 18. e5 Nd5 19. Nde4 Bg6 20. Nd6 f6 21. Nxd5 cxd5 22. Qb3 Qe6 23. Nxb7 Rb8 24. Nc5 Qc6 25. Qe3 fxe5 26. Rxf8+ Rxf8 27. Qxe5 Re8 28. Qg3 Qf6 29. Qf2 Qb6 30. Re1 Be4 31. Rf1 Qg6 32. Nd7 h6 33. Ne5 Qe6 34. Rc1 Rf8 35. Qd2 Rf5 36. Rc6 Qe8 37. Qc1 Qh5 38. Rc3 Qe2 39. Nf3 Bxf3 40. Rxf3 Rxf3 41. gxf3 Qxf3 42. Qc8+ Kh7 43. Qc2+ Kg8 44. Qc8+ Kf7 45. Qb7+ Kg8 46. Qc8+ Kh7 47. Qc2+ 1/2-1/2

[Event "EU-ch Blitz (Women)"]
[Site "Monaco"]
[Date "2024.01.12"]
[Round "10"]
[White "Alfano, Emilie"]
[Black "Vega Gutierrez, Sabrina Neide"]
[Result "0-1"]
[WhiteElo "1828"]
[BlackElo "2378"]
[PlyCount "112"]
[EventDate "2024.01.12"]
[EventType "swiss (blitz)"]
[EventRounds "13"]
[EventCountry "MNC"]
[SourceTitle "CB03_2024"]
[SourceDate "2024.01.17"]
[SourceVersion "1"]
[SourceVersionDate "2024.01.17"]
[SourceQuality "1"]

1. e4 c5 2. Nf3 Nc6 3. Bb5 e6 4. c3 Nge7 5. 0-0 a6 6. Ba4 b5 7. Bc2 Bb7 8. d4 cxd4 9. cxd4 Nb4 10. Nc3 Nxc2 11. Qxc2 Rc8 12. Qd3 d5 13. e5 Nf5 14. Bg5 Be7 15. Bxe7 Qxe7 16. Rac1 0-0 17. g4 Nh4 18. Nxh4 Qxh4 19. Qg3 Qg5 20. f4 Qe7 21. f5 Qg5 22. h4 Qd2 23. Qf2 Qxf2+ 24. Kxf2 f6 25. Kg3 fxe5 26. dxe5 d4 27. Ne2 Rxc1 28. Nxc1 exf5 29. gxf5 Be4 30. Kg4 d3 31. Nb3 Bd5 32. Nc5 d2 33. Rd1 Rc8 34. Nxa6 Rc2 35. Nb4 Rc4+ 36. Kg3 Rxb4 37. Rxd2 Bxa2 38. e6 Kf8 39. Rf2 Ke7 40. Rd2 Kf6 41. Rf2 Re4 42. Kh3 Re5 43. Kg4 Bb1 44. Rf4 Bxf5+ 45. Kg3 Rxe6 46. Kf3 g6 47. Rb4 Re5 48. Kf4 Rc5 49. Kg3 h5 50. b3 Ke5 51. Kf3 Rc3+ 52. Kg2 Bd7 53. Kh2 Bc6 54. Kg1 Rd3 55. Kf2 Rd4 56. Rxd4 Kxd4 0-1

[Event "EU-ch Blitz (Women)"]
[Site "Monaco"]
[Date "2024.01.12"]
[Round "4"]
[White "Hryshchenko, Kamila"]
[Black "Vega Gutierrez, Sabrina Neide"]
[Result "0-1"]
[WhiteElo "2192"]
[BlackElo "2378"]
[PlyCount "98"]
[EventDate "2024.01.12"]
[EventType "swiss (blitz)"]
[EventRounds "13"]
[EventCountry "MNC"]
[SourceTitle "CB03_2024"]
[SourceDate "2024.01.17"]
[SourceVersion "1"]
[SourceVersionDate "2024.01.17"]
[SourceQuality "1"]

1. e4 c5 2. d3 Nc6 3. Be2 d6 4. f4 g6 5. Nf3 Bg7 6. 0-0 e6 7. c3 Nge7 8. Kh1 0-0 9. Nbd2 b5 10. Qe1 b4 11. Nc4 bxc3 12. bxc3 Ba6 13. Bd2 d5 14. Nce5 Nxe5 15. Nxe5 dxe4 16. dxe4 Bxe2 17. Qxe2 Qc7 18. Qf2 Rac8 19. Nc4 Rfd8 20. Rac1 Qc6 21. Qe2 Qa6 22. Be3 Nc6 23. Rc2 Bf8 24. h3 Rd7 25. f5 exf5 26. exf5 Re8 27. fxg6 hxg6 28. Rf6 Qa4 29. Qg4 Bg7 30. Qxd7 Re7 31. Qc8+ Kh7 32. Qxc6 Qxc2 33. Rd6 Qe2 34. Qf3 Qxc4 35. Rd1 Qxc3 36. Bg5 Qxf3 37. gxf3 Re2 38. Rd7 Kg8 39. Rxa7 Be5 40. f4 Bd4 41. Bh6 c4 42. Rc7 c3 43. a4 c2 44. f5 gxf5 45. a5 Be5 46. Rc8+ Kh7 47. Bg5 f4 48. a6 Re1+ 49. Kg2 c1Q 0-1

[Event "EU-ch Blitz (Women)"]
[Site "Monaco"]
[Date "2024.01.12"]
[Round "6"]
[White "Khurtsilava, Inga"]
[Black "Vega Gutierrez, Sabrina Neide"]
[Result "1-0"]
[WhiteElo "2186"]
[BlackElo "2378"]
[PlyCount "61"]
[EventDate "2024.01.12"]
[EventType "swiss (blitz)"]
[EventRounds "13"]
[EventCountry "MNC"]
[SourceTitle "CB03_2024"]
[SourceDate "2024.01.17"]
[SourceVersion "1"]
[SourceVersionDate "2024.01.17"]
[SourceQuality "1"]

1. d4 d5 2. Nf3 e6 3. e3 Nf6 4. Bd3 c5 5. b3 Nc6 6. a3 Bd6 7. Bb2 0-0 8. 0-0 Ne4 9. Nbd2 f5 10. Ne5 Qc7 11. Ndf3 Ne7 12. c4 b6 13. Rc1 Bb7 14. b4 Qd8 15. dxc5 bxc5 16. bxc5 Nxc5 17. Be2 Rc8 18. Bd4 Qa5 19. Bxc5 Bxc5 20. Nd7 Rfd8 21. Nxc5 Rxc5 22. Nd4 dxc4 23. Bxc4 Kh8 24. Qh5 Bd5 25. Nb3 Qxa3 26. Nxc5 Qxc5 27. Bxd5 Qxd5 28. Rfd1 Qa8 29. Rxd8+ Qxd8 30. Qf7 Qd7 31. Qxe7 1-0

[Event "EU-ch Blitz (Women)"]
[Site "Monaco"]
[Date "2024.01.12"]
[Round "7"]
[White "Vega Gutierrez, Sabrina Neide"]
[Black "Lezhepekova, Veronika"]
[Result "1-0"]
[WhiteElo "2378"]
[BlackElo "1935"]
[PlyCount "47"]
[EventDate "2024.01.12"]
[EventType "swiss (blitz)"]
[EventRounds "13"]
[EventCountry "MNC"]
[SourceTitle "CB03_2024"]
[SourceDate "2024.01.17"]
[SourceVersion "1"]
[SourceVersionDate "2024.01.17"]
[SourceQuality "1"]

1. e4 c5 2. b3 a6 3. Bb2 Nc6 4. f4 d6 5. Nf3 e6 6. Nc3 Be7 7. d4 cxd4 8. Nxd4 Bf6 9. Nxc6 bxc6 10. Qd2 d5 11. 0-0-0 Bd7 12. g4 Qa5 13. Kb1 Rd8 14. g5 Be7 15. h4 f6 16. Bh3 Bb4 17. exd5 exd5 18. Qe3+ Kf7 19. Bxd7 Rxd7 20. h5 Qc5 21. Qh3 Qa7 22. Rhe1 Re7 23. g6+ Kf8 24. Qc8+ 1-0

[Event "Sant Boi de Llobregat op 4th"]
[Site "Sant Boi de Llobregat"]
[Date "2023.12.02"]
[Round "3"]
[White "Vega Gutierrez, Sabrina Neide"]
[Black "Alsina Leal, Daniel"]
[Result "0-1"]
[WhiteElo "2381"]
[BlackElo "2501"]
[PlyCount "134"]
[EventDate "2023.11.30"]
[EventType "swiss"]
[EventRounds "9"]
[EventCountry "ESP"]
[SourceTitle "CB50_2023"]
[SourceDate "2023.12.13"]
[SourceVersion "1"]
[SourceVersionDate "2023.12.13"]
[SourceQuality "1"]

1. e4 c5 2. Nf3 d6 3. d4 cxd4 4. Nxd4 Nf6 5. Nc3 g6 6. Be3 Bg7 7. f3 0-0 8. Qd2 Nc6 9. Nb3 a5 10. a4 Nb4 11. 0-0-0 Be6 12. Kb1 Rc8 13. Bb5 Nd7 14. Bd4 Ne5 15. f4 Nc4 16. Qe2 Qc7 17. Bxg7 Kxg7 18. Nd5 Bxd5 19. exd5 Ne3 20. c3 Nbxd5 21. Rd3 Nxg2 22. Rxd5 Nxf4 23. Qf3 Nxd5 24. Qxd5 e6 25. Qd4+ e5 26. Qd5 f5 27. Rd1 Rf6 28. Nd2 Qe7 29. Nc4 Rc5 30. Qd2 d5 31. Nxa5 Rd6 32. Nc4 Rd8 33. Qe3 Rxc4 34. Bxc4 dxc4 35. Rxd8 Qxd8 36. Qxe5+ Kf7 37. Qb5 Qd3+ 38. Ka2 Qe4 39. Qd7+ Kg8 40. a5 f4 41. h4 f3 42. Qd8+ Kg7 43. Qd7+ Kf6 44. Qxh7 Qd5 45. Qh8+ Kf5 46. h5 gxh5 47. Qxh5+ Ke4 48. Qh4+ Kd3 49. Qf2 Qxa5+ 50. Kb1 Qd5 51. Kc1 Ke4 52. Qh4+ Ke5 53. Qg5+ Kd6 54. Qf6+ Kd7 55. Qg7+ Kc6 56. Qg6+ Kc5 57. Qf6 Qe4 58. Qf8+ Kb5 59. Qb4+ Kc6 60. Qa4+ Kd6 61. Qb4+ Ke6 62. Qb6+ Kf5 63. Qc5+ Kg4 64. Qg1+ Kf5 65. Qc5+ Kf4 66. Qd6+ Kg4 67. Qd2 Qf4 0-1

[Event "Sant Boi de Llobregat op 4th"]
[Site "Sant Boi de Llobregat"]
[Date "2023.12.01"]
[Round "2"]
[White "Bharath, Subramaniyam H"]
[Black "Vega Gutierrez, Sabrina Neide"]
[Result "1/2-1/2"]
[WhiteElo "2504"]
[BlackElo "2381"]
[PlyCount "85"]
[EventDate "2023.11.30"]
[EventType "swiss"]
[EventRounds "9"]
[EventCountry "ESP"]
[SourceTitle "CB50_2023"]
[SourceDate "2023.12.13"]
[SourceVersion "1"]
[SourceVersionDate "2023.12.13"]
[SourceQuality "1"]

1. e4 c5 2. Nf3 Nc6 3. Nc3 Nf6 4. Bb5 Qc7 5. 0-0 Nd4 6. Re1 a6 7. Bf1 e5 8. Nd5 Nxd5 9. exd5 d6 10. Nxd4 cxd4 11. c3 dxc3 12. bxc3 Be7 13. d4 0-0 14. dxe5 dxe5 15. c4 Bd7 16. Qb3 b5 17. Bb2 Bd6 18. cxb5 axb5 19. Bxb5 Rfb8 20. a4 Qb7 21. Rac1 Bxb5 22. axb5 Ra5 23. b6 Qxd5 24. Qg3 Qb7 25. Bd4 exd4 26. Qxd6 Rd5 27. Qb4 Rdd8 28. Rb1 d3 29. Red1 g6 30. h4 h5 31. Rb2 Qc6 32. Rdb1 Rb7 33. Qd2 Rd6 34. Qe3 d2 35. Rxd2 Rxb6 36. Rxb6 Qxb6 37. Qe8+ Kg7 38. Qe5+ Rf6 39. g3 Qe6 40. Qd4 Qb6 41. Qe5 Qe6 42. Qd4 Qb6 43. Qe5 1/2-1/2

[Event "EU-chT (Women) 24th"]
[Site "Budva"]
[Date "2023.11.17"]
[Round "6.2"]
[White "Yao, Lan"]
[Black "Vega Gutierrez, Sabrina Neide"]
[Result "1/2-1/2"]
[WhiteElo "2344"]
[BlackElo "2381"]
[PlyCount "127"]
[EventDate "2023.11.11"]
[EventType "team-swiss"]
[EventRounds "9"]
[EventCountry "MNE"]
[SourceTitle "CB47_2023"]
[SourceDate "2023.11.22"]
[SourceVersion "1"]
[SourceVersionDate "2023.11.22"]
[SourceQuality "1"]
[WhiteTeam "England (W)"]
[BlackTeam "Spain (W)"]
[WhiteTeamCountry "ENG"]
[BlackTeamCountry "ESP"]

1. e4 e6 2. d4 d5 3. e5 c5 4. c3 Nc6 5. Nf3 Bd7 6. a3 cxd4 7. cxd4 Nge7 8. Be3 Na5 9. Bd3 Qb6 10. b4 Nc4 11. Bxc4 dxc4 12. d5 Qa6 13. d6 Nd5 14. 0-0 c3 15. a4 Rc8 16. Na3 Bxa4 17. Qd4 Qb6 18. Qxb6 axb6 19. Nd4 f6 20. Nxe6 fxe5 21. Nc7+ Nxc7 22. dxc7 Rxc7 23. Bxb6 Rc8 24. Ba5 Be7 25. Rfe1 0-0 26. g3 c2 27. f4 exf4 28. Nxc2 Rxc2 29. Rxa4 fxg3 30. hxg3 Bd6 31. Re3 Rff2 32. Bb6 Rg2+ 33. Kf1 Rcf2+ 34. Ke1 Rb2 35. Ra8+ Kf7 36. Rf3+ Kg6 37. Kf1 Rgc2 38. Bf2 Rxb4 39. Re8 Rb1+ 40. Kg2 Rd1 41. Re6+ Kh5 42. Kh3 g6 43. Rf7 Rxf2 44. Rxf2 Rd3 45. Kg2 Rxg3+ 46. Kf1 Rd3 47. Rf7 Kg4 48. Ke2 Rd5 49. Rxh7 Kf5 50. Re8 b6 51. Rf7+ Kg4 52. Re4+ Kh5 53. Rd7 g5 54. Re6 Re5+ 55. Rxe5 Bxe5 56. Rd5 Bc3 57. Kf3 Kh4 58. Rd7 Kh5 59. Rh7+ Kg6 60. Rc7 Bd4 61. Kg4 Kf6 62. Rc6+ Ke5 63. Rxb6 Bxb6 64. Kxg5 1/2-1/2

[Event "EU-chT (Women) 24th"]
[Site "Budva"]
[Date "2023.11.15"]
[Round "5.2"]
[White "Vega Gutierrez, Sabrina Neide"]
[Black "Belenkaya, Dina"]
[Result "1-0"]
[WhiteElo "2381"]
[BlackElo "2250"]
[PlyCount "123"]
[EventDate "2023.11.11"]
[EventType "team-swiss"]
[EventRounds "9"]
[EventCountry "MNE"]
[SourceTitle "CB47_2023"]
[SourceDate "2023.11.22"]
[SourceVersion "1"]
[SourceVersionDate "2023.11.22"]
[SourceQuality "1"]
[WhiteTeam "Spain (W)"]
[BlackTeam "Israel (W)"]
[WhiteTeamCountry "ESP"]
[BlackTeamCountry "ISR"]

1. e4 c6 2. d4 d5 3. e5 Bf5 4. Bd3 Bxd3 5. Qxd3 e6 6. c3 Qb6 7. Ne2 Qa6 8. Qd1 Ne7 9. 0-0 Nf5 10. g4 Nh4 11. Ng3 Nd7 12. Bg5 h6 13. Bxh4 g5 14. Nh5 gxh4 15. f4 0-0-0 16. b4 Be7 17. f5 Bg5 18. a4 Nb6 19. Na3 Nc4 20. Nxc4 Qxc4 21. Rf3 f6 22. Nxf6 exf5 23. gxf5 Bxf6 24. exf6 Rdf8 25. Qe1 Rxf6 26. Kh1 Qb3 27. Re3 Rff8 28. Re7 Qb2 29. Re2 Qb3 30. f6 Kc7 31. Re7+ Kb6 32. Qe5 Rc8 33. a5+ Ka6 34. Qe2+ Qc4 35. Qxc4+ dxc4 36. f7 Rcf8 37. Kg2 Rh7 38. Rf1 b6 39. Rf5 Rg7+ 40. Kf3 h3 41. axb6 axb6 42. Kf4 Rg2 43. Ke5 Rxh2 44. Kf6 Rc2 45. Re8 Rxf7+ 46. Kxf7 Rxc3 47. Re6 Rd3 48. Rxc6 Rxd4 49. Rxh6 c3 50. Rxh3 Rc4 51. Rh1 Rxb4 52. Ra1+ Kb7 53. Rc1 Rc4 54. Rf3 Kc6 55. Ke6 Re4+ 56. Kf5 Kd5 57. Rfxc3 Re5+ 58. Kf4 Re4+ 59. Kf3 Rh4 60. Rd3+ Ke5 61. Re1+ Kf5 62. Rd5+ 1-0

[Event "EU-chT (Women) 24th"]
[Site "Budva"]
[Date "2023.11.14"]
[Round "4.2"]
[White "Salimova, Nurgyul"]
[Black "Vega Gutierrez, Sabrina Neide"]
[Result "1/2-1/2"]
[WhiteElo "2412"]
[BlackElo "2381"]
[PlyCount "146"]
[EventDate "2023.11.11"]
[EventType "team-swiss"]
[EventRounds "9"]
[EventCountry "MNE"]
[SourceTitle "CB47_2023"]
[SourceDate "2023.11.22"]
[SourceVersion "1"]
[SourceVersionDate "2023.11.22"]
[SourceQuality "1"]
[WhiteTeam "Bulgaria (W)"]
[BlackTeam "Spain (W)"]
[WhiteTeamCountry "BUL"]
[BlackTeamCountry "ESP"]

1. Nf3 d5 2. g3 Nf6 3. Bg2 c5 4. 0-0 h6 5. c4 d4 6. e3 Nc6 7. exd4 Nxd4 8. Nxd4 Qxd4 9. Nc3 Qxc4 10. d3 Qa6 11. a4 Bd7 12. d4 e6 13. Bf4 Bd6 14. Bxb7 Qxb7 15. Bxd6 cxd4 16. Qxd4 Qf3 17. Qd1 Bc6 18. Qxf3 Bxf3 19. Nb5 Kd7 20. Be5 a6 21. Nd4 Bd5 22. f3 Ne8 23. Nc2 f6 24. Bc3 Nd6 25. Ne3 Nc4 26. Nxd5 exd5 27. Rfd1 Kd6 28. Bb4+ Kc6 29. b3 Rhb8 30. bxc4 Rxb4 31. cxd5+ Kd7 32. Rd2 Rc8 33. Ra3 Rc7 34. Re3 Rc8 35. Rde2 Rc7 36. Re7+ Kd6 37. R7e6+ Kxd5 38. Rxa6 Rcb7 39. Rd2+ Ke5 40. Rad6 Rb1+ 41. Kf2 Kf5 42. g4+ Kg6 43. Ra2 h5 44. a5 hxg4 45. fxg4 Kg5 46. a6 R7b2+ 47. Rxb2 Rxb2+ 48. Kf3 Ra2 49. Rd7 g6 50. Rd5+ Kh4 51. Rd6 Ra3+ 52. Ke4 Ra4+ 53. Kd5 Kg5 54. Kc5 Ra2 55. h3 Ra3 56. h4+ Kxh4 57. Rxf6 g5 58. Kb6 Kxg4 59. a7 Kg3 60. Kb7 Rxa7+ 61. Kxa7 g4 62. Kb6 Kh2 63. Rh6+ Kg2 64. Kc5 g3 65. Kd4 Kf2 66. Rf6+ Ke2 67. Rg6 Kf2 68. Rf6+ Ke2 69. Re6+ Kf2 70. Kd3 g2 71. Rf6+ Ke1 72. Rg6 Kf2 73. Rxg2+ Kxg2 1/2-1/2

[Event "ESP-ch 88th"]
[Site "Marbella"]
[Date "2023.10.21"]
[Round "9"]
[White "Garcia Ramos, Daniel"]
[Black "Vega Gutierrez, Sabrina Neide"]
[Result "1/2-1/2"]
[WhiteElo "2455"]
[BlackElo "2377"]
[PlyCount "61"]
[EventDate "2023.10.13"]
[EventType "swiss"]
[EventRounds "9"]
[EventCountry "ESP"]
[SourceTitle "Mega2024 Update 01"]
[Source "Chessbase"]
[SourceDate "2023.11.12"]
[SourceVersion "1"]
[SourceVersionDate "2023.11.12"]
[SourceQuality "1"]

1. e4 c5 2. Nf3 Nc6 3. Bb5 g6 4. 0-0 Bg7 5. Bxc6 dxc6 6. d3 Nf6 7. Nc3 Nd7 8. a4 e5 9. a5 Nf8 10. Qe1 Ne6 11. Na4 0-0 12. b4 cxb4 13. Qxb4 Re8 14. Bd2 Qf6 15. Rab1 g5 16. Be3 g4 17. Ne1 Bh6 18. Qd2 Bf4 19. g3 Qh6 20. Bxf4 exf4 21. f3 Qg7 22. Kh1 fxg3 23. Rg1 Qd4 24. Nb2 Qf2 25. Nc4 Nf4 26. Rxg3 Ne2 27. Qg5+ Kh8 28. Qf6+ Kg8 29. Qg5+ Kh8 30. Qf6+ Kg8 31. Qg5+ 1/2-1/2

[Event "ESP-ch 88th"]
[Site "Marbella"]
[Date "2023.10.18"]
[Round "6"]
[White "Fernandez Barrera, Victor"]
[Black "Vega Gutierrez, Sabrina Neide"]
[Result "1/2-1/2"]
[WhiteElo "2242"]
[BlackElo "2377"]
[PlyCount "105"]
[EventDate "2023.10.13"]
[EventType "swiss"]
[EventRounds "9"]
[EventCountry "ESP"]
[SourceTitle "Mega2024 Update 01"]
[Source "Chessbase"]
[SourceDate "2023.11.12"]
[SourceVersion "1"]
[SourceVersionDate "2023.11.12"]
[SourceQuality "1"]

1. e4 c5 2. Nf3 Nc6 3. Bb5 Nf6 4. Bxc6 dxc6 5. d3 g6 6. h3 Bg7 7. Nc3 Nd7 8. Be3 e5 9. Qd2 h6 10. 0-0 Qe7 11. Nh2 Nf8 12. f4 exf4 13. Bxf4 Ne6 14. Be3 Nd4 15. Nf3 Be6 16. Bxd4 cxd4 17. Ne2 0-0-0 18. Nf4 Bd7 19. Rae1 h5 20. e5 Bf5 21. Qf2 g5 22. Ne2 Bg6 23. Qg3 g4 24. hxg4 h4 25. Qf4 c5 26. g5 Qe6 27. Nc1 Rd5 28. Nb3 h3 29. g3 h2+ 30. Kh1 Re8 31. Kxh2 Bxe5 32. Rxe5 Rxe5 33. Qxe5 Qxe5 34. Nxe5 Rxe5 35. Rf2 Rxg5 36. Nd2 Re5 37. Nc4 Re6 38. a4 b6 39. Kg2 Kc7 40. Kf1 Bh5 41. Rf4 Be2+ 42. Kg1 f6 43. Rf2 Bg4 44. a5 Kc6 45. axb6 axb6 46. Nd2 f5 47. Nf3 Re3 48. Kg2 Kd5 49. Nh2 Ke5 50. Nxg4+ fxg4 51. Rf4 Re2+ 52. Rf2 Re3 53. Rf4 1/2-1/2